ORAL MSDICINE (Record no. 3065)

MARC details
000 -LEADER
fixed length control field 00322nam a2200145Ia 4500
008 - FIXED-LENGTH DATA ELEMENTS--GENERAL INFORMATION
fixed length control field 150201s2004 xx 000 0 und d
082 ## - DEWEY DECIMAL CLASSIFICATION NUMBER
Classification number 610
Item number O2004G
100 ## - MAIN ENTRY--PERSONAL NAME
Personal name GUPTA,L.C.
245 ## - TITLE STATEMENT
Title ORAL MSDICINE
250 ## - EDITION STATEMENT
Edition statement 2ND
260 ## - PUBLICATION, DISTRIBUTION, ETC. (IMPRINT)
Name of publisher, distributor, etc. AITBS
Place of publication, distribution, etc. DELHI
Date of publication, distribution, etc. 2004
300 ## - PHYSICAL DESCRIPTION
Extent 1-270
650 ## - SUBJECT ADDED ENTRY--TOPICAL TERM
Topical term or geographic name as entry element ORAL MEDICINE
942 ## - ADDED ENTRY ELEMENTS (KOHA)
Source of classification or shelving scheme Dewey Decimal Classification
Koha item type Books
Holdings
Withdrawn status Lost status Source of classification or shelving scheme Damaged status Not for loan Home library Current library Date acquired Source of acquisition Cost, normal purchase price Serial Enumeration / chronology SGTU Bill Number Total Checkouts Full call number Barcode Date last seen Bill Date Koha item type
    Dewey Decimal Classification     SGT Dental Library SGT Dental Library 03/07/2004 U.B.S.DELHI 150.00 1 SGTU 268   610 O2004G FD2840 09/02/2015 30/03/2012 Books
    Dewey Decimal Classification     SGT Dental Library SGT Dental Library 03/07/2004 U.B.S.DELHI 150.00 1 SGTU 268   610 O2004G FD2841 09/02/2015 30/03/2012 Books
    Dewey Decimal Classification     SGT Dental Library SGT Dental Library 03/07/2004 U.B.S.DELHI 150.00 1 SGTU 268   610 O2004G FD2842 09/02/2015 30/03/2012 Books
    Dewey Decimal Classification     SGT Dental Library SGT Dental Library 03/07/2004 U.B.S.DELHI 150.00 1 SGTU 268   610 O2004G FD2843 09/02/2015 30/03/2012 Books
    Dewey Decimal Classification     SGT Dental Library SGT Dental Library 03/07/2004 U.B.S.DELHI 150.00 1 SGTU 268   610 O2004G FD2844 09/02/2015 30/03/2012 Books
    Dewey Decimal Classification     SGT Dental Library SGT Dental Library 03/07/2004 U.B.S.DELHI 150.00 1 SGTU 268   610 O2004G FD2845 09/02/2015 30/03/2012 Books
    Dewey Decimal Classification     SGT Dental Library SGT Dental Library 03/07/2004 U.B.S.DELHI 150.00 1 SGTU 268   610 O2004G FD2846 09/02/2015 30/03/2012 Books
    Dewey Decimal Classification     SGT Dental Library SGT Dental Library 03/07/2004 U.B.S.DELHI 150.00 1 SGTU 268   610 O2004G FD2847 09/02/2015 30/03/2012 Books
    Dewey Decimal Classification     SGT Dental Library SGT Dental Library 03/07/2004 U.B.S.DELHI 150.00 1 SGTU 268   610 O2004G FD2848 09/02/2015 30/03/2012 Books
    Dewey Decimal Classification     SGT Dental Library SGT Dental Library 03/07/2004 U.B.S.DELHI 150.00 1 SGTU 268   610 O2004G FD2849 09/02/2015 30/03/2012 Books